Wastewater Engineering. (Record no. 7386)

MARC details
000 -LEADER
fixed length control field 00581nam a22001937a 4500
003 - CONTROL NUMBER IDENTIFIER
control field OSt
005 - DATE AND TIME OF LATEST TRANSACTION
control field 20211025164455.0
008 - FIXED-LENGTH DATA ELEMENTS--GENERAL INFORMATION
fixed length control field 211025b ||||| |||| 00| 0 eng d
020 ## - INTERNATIONAL STANDARD BOOK NUMBER
International Standard Book Number 9788120333504
040 ## - CATALOGING SOURCE
Transcribing agency DDC
082 ## - DEWEY DECIMAL CLASSIFICATION NUMBER
Classification number 628.1MET 2008
100 ## - MAIN ENTRY--PERSONAL NAME
Personal name Metcalf; Eddy;
9 (RLIN) 15124
245 ## - TITLE STATEMENT
Title Wastewater Engineering.
Remainder of title Treatment, Disposal & Reuse.
Statement of responsibility, etc. Edited by Metcalf and Eddy;
260 ## - PUBLICATION, DISTRIBUTION, ETC. (IMPRINT)
Place of publication, distribution, etc. New Delhi.
Name of publisher, distributor, etc. PHI Learning Private Limited.
Date of publication, distribution, etc. 2008.
300 ## - PHYSICAL DESCRIPTION
Extent xi,292p;
Other physical details ill;
Dimensions 23cm
504 ## - BIBLIOGRAPHY, ETC. NOTE
Bibliography, etc Includes; References and Index.
650 ## - SUBJECT ADDED ENTRY--TOPICAL TERM
Topical term or geographic name as entry element Engineering
9 (RLIN) 373
942 ## - ADDED ENTRY ELEMENTS (KOHA)
Source of classification or shelving scheme Dewey Decimal Classification
Koha item type Open Shelf
Holdings
Withdrawn status Lost status Source of classification or shelving scheme Damaged status Not for loan Home library Current library Date acquired Source of acquisition Inventory number Total Checkouts Full call number Barcode Date last seen Price effective from Koha item type
    Dewey Decimal Classification     MUST Main Library MUST Main Library 25/10/2021 Purchase 21/41532   628.1MET 2008 2021-1535 25/10/2021 25/10/2021 Open Shelf
    Dewey Decimal Classification     MUST Main Library MUST Main Library 25/10/2021 Purchase 21/41531   628.1MET 2008 2021-1536 25/10/2021 25/10/2021 Open Shelf